| Tag |
First Indicator |
Second Indicator |
Subfields |
| LEADER |
00000cam a22000008a 4500 |
| 001 |
in00001069690 |
| 005 |
20150929101541.0 |
| 008 |
911125s1992 mau b 000 0 eng |
| 010 |
|
|
|a 91044146
|
| 020 |
|
|
|a 057112917X :
|c $19.95
|
| 035 |
|
|
|a (OCoLC)25008129
|
| 035 |
|
|
|9 AFP1993AM
|
| 040 |
|
|
|a DLC
|c DLC
|d IAI
|d TXA
|d UtOrBLW
|
| 043 |
|
|
|a n-us---
|
| 049 |
|
|
|a TXAM
|
| 050 |
0 |
0 |
|a HN90.M6
|b D47 1992
|
| 082 |
0 |
0 |
|a 306.7/0973
|2 20
|
| 100 |
1 |
|
|a Derber, Charles.
|
| 245 |
1 |
0 |
|a Money, murder, and the American dream :
|b wilding from Wall Street to Main Street /
|c Charles Derber.
|
| 263 |
|
|
|a 9203
|
| 264 |
|
1 |
|a Boston :
|b Faber and Faber,
|c [1992]
|
| 264 |
|
4 |
|c ©1992
|
| 300 |
|
|
|a xiv, 170 pages ;
|c 22 cm.
|
| 336 |
|
|
|a text
|b txt
|2 rdacontent
|
| 337 |
|
|
|a unmediated
|b n
|2 rdamedia
|
| 338 |
|
|
|a volume
|b nc
|2 rdacarrier
|
| 504 |
|
|
|a Includes bibliographical references.
|
| 651 |
|
0 |
|a United States
|x Moral conditions.
|
| 651 |
|
0 |
|a United States
|x Social conditions
|y 1980-
|
| 650 |
|
0 |
|a Self-interest.
|
| 650 |
|
0 |
|a Avarice.
|
| 650 |
|
0 |
|a Criminal behavior
|z United States.
|
| 650 |
|
0 |
|a Civil society
|z United States.
|
| 999 |
|
|
|a MARS
|
| 999 |
f |
f |
|s f3f42032-2417-3ed4-89e3-5aff46877b1d
|i 671c262f-6b01-35b9-8c4e-e146a2755b9c
|t 0
|
| 952 |
f |
f |
|p ric
|a Texas A&M University
|b Rellis Campus
|c Joint Library Facility
|s JLF
|d Remote Storage
|t 0
|e HN90.M6 D47 1992
|h Library of Congress classification
|i unmediated -- volume
|m A14815660066
|
| 998 |
f |
f |
|a HN90.M6 D47 1992
|t 0
|l Remote Storage
|